00286nam a2200109Ia 4500008004100000020001500041040001200056082001300068100002100081245004100102260003300143200103s9999||||xx |||||||||||||| ||und|| a8172245866 aIMU-MPC aColumn-9 aSmith, Edward H. 0aMechanical Engineer's Reference Book bJaico Publishing Housec1997